Bandas de la Semana Santa de Sevilla - Estadísticas

Estadísticas generales
  • Esta prueba ha sido intentada 361 veces
    90 desde el último reinicio
  • La puntuación promedio es 21 de 40
Estadísticas de respuestas
Respuesta % Correcto
Virgen de los Reyes
98%
Las Cigarreras
95%
Tres Caídas de Triana
93%
Cigarreras
86%
Oliva de Salteras
86%
Redención
86%
Rosario de Cádiz
86%
Sol
83%
Carmen de Salteras
79%
Carmen de Villalba del Alcor
79%
Centuria Macarena
79%
Maestro Tejera
76%
Magdalena de Arahal
76%
Encarnación
74%
Cruz Roja
67%
Los Gitanos
67%
Municipal de Arahal
67%
Esencia
62%
Municipal de La Puebla del Río
60%
Nazareno de Huelva
60%
Pasión de Linares
60%
Presentación al Pueblo
55%
Nieves de Olivares
48%
Cristo de la Sangre
38%
Lágrimas de San Fernando
38%
La Sentencia de Jerez
36%
Santa Ana de Dos Hermanas
36%
Águila de Alcalá de Guadaíra
29%
Municipal de Mairena del Alcor
29%
Municipal de Coria del Río
26%
Julián Cerdán de Sanlucar de Barrameda
24%
Liceo de Moguer
24%
Santa María de la Esperanza
24%
Fernando Guerrero de Los Palacios
21%
Angustias de Sanlucar la Mayor
19%
Nazareno de La Algaba
19%
Soledad de Cantillana
17%
La Paz de Málaga
10%
Los Ángeles
10%
Municipal de Bollullos Par del Condado
2%
No se encontraron pruebas coincidentes
Distribución de puntuación
Porcentaje de gente con cada puntuación
Porcentaje por número respondido
Historial de tus puntuaciones
No has intentado esta prueba desde el último reinicio